| 000 | 00410 a2200157 4500 | ||
|---|---|---|---|
| 999 |
_c9278 _d9278 |
||
| 020 | _a9780199698325 | ||
| 050 | _aKF8931KEA2012 | ||
| 245 |
_aThe modern law of evidence / _cAdrian Keane and Paul Mckeown |
||
| 250 | _a9th ed | ||
| 264 |
_aLondon: _bOxford, _c2012 |
||
| 300 | _a689p. : | ||
| 500 | _aincludes index | ||
| 650 | _aModern law | ||
| 700 |
_a Mckeown Paul _eauthor |
||
| 942 |
_2lcc _cBK _h8931 _iKEA _kKF |
||